书目信息 |
| 题名: |
一个少女的自白
|
|
| 作者: | 凯特 著 ;顾睿 译 | |
| 分册: | ||
| 出版信息: | 南昌 江西人民出版社 1986.5 |
|
| 页数: | 317页 | |
| 开本: | 20cm | |
| 丛书名: | ||
| 单 册: | ||
| 中图分类: | I11 | |
| 科图分类: | ||
| 主题词: | 文学--作品集--世界 | |
| 电子资源: | ||
| ISBN: | ||
| 000 | 00567nam0 2200205 45 | |
| 001 | 0312221749 | |
| 005 | 20040615100743.1 | |
| 010 | @dCNY1.80 | |
| 100 | @a20031222d1986 km y0chiy0120 ea | |
| 101 | @achi | |
| 105 | @a z 000yy | |
| 200 | 1 | @a一个少女的自白@AYi Ge Shao Nu De Zi Bai@f(澳大利亚)凯特著@F(Ao Da Li Ya)Kai Te Zhu@g顾睿译 |
| 210 | @a南昌@c江西人民出版社@d1986.5 | |
| 215 | @a317页@d20cm | |
| 606 | 0 | @a文学@x作品集@x世界 |
| 690 | @aI11@v3 | |
| 701 | 0 | @a凯特@4著 |
| 702 | 0 | @a顾睿@4译 |
| 801 | @aCN@bTSTCL@c20031222 | |
| 905 | @dI11@e137:1@f1@b157737 | |
| 一个少女的自白/(澳大利亚)凯特著/顾睿译.-南昌:江西人民出版社,1986.5 |
| 317页;20cm |
| ISBN :CNY1.80 |
| ● |
| 相关链接 |
|
|
|
|
正题名:一个少女的自白
索取号:I11/137:1
 
预约/预借
| 序号 | 登录号 | 条形码 | 馆藏地/架位号 | 状态 | 备注 |
| 1 | 0157737 | 000781238 | 第二借阅区/ [索取号:I11/137:1] | 在馆 | |
| 2 | 0157738 | 000087499 | 第二借阅区/ [索取号:I11/137:1] | 在馆 | |
| 3 | 0157739 | 000087505 | 第一样本阅览室/ [索取号:I11/137:1] | 在馆 |